000 00886cam a22002054a 4500
005 20250605164050.0
008 250528s ||||||||||||||||||||||||d
035 _a17237
020 _a528671106
040 _aGR-AtMCL
_bgre
_dGR-AtMCL
_eAACR2
245 1 _aU.S Economic History / Second Edition
250 _a2nd
260 _bRand Mcnally College Publishing Company,
_c1980
300 _a482
520 _aPreface, An Overview of United States Economic History, The Colonial and Early National Periods, Growth and Development and Civil War, Technology and Education and Finance, Agriculture and Natural Resources, Human Resources in American Economic Development, Business and Government and Distribution, Trends and Crises Since 1920, Glossary, Bibliography, Name and Subject Index.
700 1 _aNiemi W. Albert
_93397
942 _cBK
999 _c2665
_d2665